000
00270nam a2200097Ia 4500
008
220204s9999 xx 000 0 und d
082
_a
378(058)
_b
COM
245
0
_a
Commonwealth universities yearbook. 1964
260
_a
London
_b
Commonwealth Universities
_c
1964
942
_c
BK
999
_c
20429
_d
20429